000
00227 a2200097 4500
001
14772
100
_a
Johnson P
245
_a
A history of the modern world
260
_a
London
_b
Weidenfelf Nicholson
_c
090
_c
11551
_d
11551
942
_a
NUST-CAE
_c
M
_c
1727
999
_c
249845
_d
249845